Alle Deutschen Fußball-Meister seit 1903 (mit Yellow Box) - Statistiken

Allgemein
  • Dieses Quiz wurde 978 mal gespielt
    17 seit der letzten Aktualisierung
  • Das Durchschnittsergebnis liegt bei 63 aus 114
Antwortstatistiken
Jahr Deutscher Meister % Korrekt
1998 1. FC Kaiserslautern
92%
2024 Bayer 04 Leverkusen
92%
2002 Borussia Dortmund
92%
2011 Borussia Dortmund
92%
2012 Borussia Dortmund
92%
1997 FC Bayern München
92%
1999 FC Bayern München
92%
2000 FC Bayern München
92%
2001 FC Bayern München
92%
2003 FC Bayern München
92%
2005 FC Bayern München
92%
2006 FC Bayern München
92%
2008 FC Bayern München
92%
2010 FC Bayern München
92%
2013 FC Bayern München
92%
2014 FC Bayern München
92%
2015 FC Bayern München
92%
2016 FC Bayern München
92%
2017 FC Bayern München
92%
2018 FC Bayern München
92%
2019 FC Bayern München
92%
2020 FC Bayern München
92%
2021 FC Bayern München
92%
2022 FC Bayern München
92%
2023 FC Bayern München
92%
2025 FC Bayern München
92%
2026 FC Bayern München
92%
2004 SV Werder Bremen
92%
2007 VfB Stuttgart
92%
2009 VfL Wolfsburg
92%
1996 Borussia Dortmund
83%
1989 FC Bayern München
83%
1990 FC Bayern München
83%
1994 FC Bayern München
83%
1991 1. FC Kaiserslautern
75%
1995 Borussia Dortmund
75%
1976 Borussia Mönchengladbach
75%
1977 Borussia Mönchengladbach
75%
1969 FC Bayern München
75%
1972 FC Bayern München
75%
1973 FC Bayern München
75%
1974 FC Bayern München
75%
1980 FC Bayern München
75%
1981 FC Bayern München
75%
1985 FC Bayern München
75%
1986 FC Bayern München
75%
1987 FC Bayern München
75%
1979 Hamburger SV
75%
1982 Hamburger SV
75%
1983 Hamburger SV
75%
1988 SV Werder Bremen
75%
1993 SV Werder Bremen
75%
1964 1. FC Köln
67%
1970 Borussia Mönchengladbach
67%
1971 Borussia Mönchengladbach
67%
1975 Borussia Mönchengladbach
67%
1992 VfB Stuttgart
67%
1962 1. FC Köln
58%
1978 1. FC Köln
58%
1967 Eintracht Braunschweig
58%
1965 SV Werder Bremen
58%
1966 TSV 1860 München
58%
1958 FC Schalke 04
50%
1903 VfB Leipzig
50%
1984 VfB Stuttgart
50%
1968 1. FC Nürnberg
42%
1932 FC Bayern München
42%
1912 Holstein Kiel
42%
1936 1. FC Nürnberg
33%
1948 1. FC Nürnberg
33%
1963 Borussia Dortmund
33%
1934 FC Schalke 04
33%
1935 FC Schalke 04
33%
1937 FC Schalke 04
33%
1939 FC Schalke 04
33%
1940 FC Schalke 04
33%
1942 FC Schalke 04
33%
1954 Hannover 96
33%
1941 SK Rapid Wien
33%
1920 1. FC Nürnberg
25%
1921 1. FC Nürnberg
25%
1924 1. FC Nürnberg
25%
1925 1. FC Nürnberg
25%
1927 1. FC Nürnberg
25%
1961 1. FC Nürnberg
25%
1956 Borussia Dortmund
25%
1957 Borussia Dortmund
25%
1959 Eintracht Frankfurt
25%
1923 Hamburger SV
25%
1960 Hamburger SV
25%
1938 Hannover 96
25%
1906 VfB Leipzig
25%
1950 VfB Stuttgart
25%
1952 VfB Stuttgart
25%
1951 1. FC Kaiserslautern
17%
1953 1. FC Kaiserslautern
17%
1905 Berliner TuFC Union 1892
17%
1928 Hamburger SV
17%
1930 Hertha BSC
17%
1931 Hertha BSC
17%
1955 Rot-Weiss Essen
17%
1914 SpVgg Fürth
17%
1926 SpVgg Fürth
17%
1929 SpVgg Fürth
17%
1913 VfB Leipzig
17%
1949 VfR Mannheim
17%
1908 Berliner TuFC Viktoria 89
8%
1911 Berliner TuFC Viktoria 89
8%
1943 Dresdner SC
8%
1944 Dresdner SC
8%
1909 FC Phönix Karlsruhe
8%
1933 Fortuna Düsseldorf
8%
1907 Freiburger FC
8%
1910 Karlsruher FV
8%
Keine übereinstimmenden Quizze gefunden
Verteilung der Resultate
Anzahl Personen mit jedem Resultat
Perzentil nach korrekt beantworteten Fragen
Ihre Resultats-Entwicklung
Sie haben dieses Quiz seit der letzten Aktualisierung nicht gespielt